[Event "Madrid 2022-2023 ch - Previa A"]
[Site "Madrid ESP"]
[Date "2023.02.14"]
[Round "5.10"]
[White "Ciuro Muñoz, Ricardo"]
[Black "Garcia Martin, Esteban"]
[Result "1-0"]
[WhiteElo "1860"]
[BlackElo "1819"]
[PlyCount "137"]
[EventDate "2023.02.06"]
[EventType "swiss"]
[EventRounds "9"]
[EventCountry "ESP"]
[SourceTitle "Ajedrez en Madrid"]
[Source "lmi"]
[SourceDate "2023.02.06"]
[SourceVersion "1"]
[SourceVersionDate "2023.03.03"]
[SourceQuality "1"]

1. e4 c5 2. Nf3 d6 3. d3 g6 4. g3 Bg7 5. Bg2 Nc6 6. O-O e5 7. c3 Nge7 8. Be3
O-O 9. d4 cxd4 10. cxd4 exd4 11. Nxd4 Nxd4 12. Bxd4 Nc6 13. Bxg7 Kxg7 14. Nc3
Be6 15. b3 Qa5 16. Ne2 Bg4 17. Qd3 Ne5 18. Qe3 Bxe2 19. Qxe2 h5 20. Rfd1 Qb6
21. Rd5 f6 22. Rad1 Nf7 23. Rb5 Qd8 24. Rxb7 h4 25. e5 fxe5 26. Bd5 Rb8 27.
Rxa7 Qf6 28. Qf3 Qxf3 29. Bxf3 Kh6 30. gxh4 Rb4 31. Ra4 Rb6 32. Kg2 Kg7 33. Ra7
Kf6 34. Bd5 Nh6 35. Rd7 Nf5 36. Be4 Nd4 37. f3 Rg8 38. Kf2 Ke6 39. Rh7 d5 40.
Bb1 Rf8 41. Rd3 Rb4 42. Kg2 Ne2 43. Rd2 Nf4+ 44. Kg1 Nh3+ 45. Kg2 Nf4+ 46. Kf1
Nh3 47. Bxg6 Rxf3+ 48. Kg2 Rbf4 49. Bh5 Rf2+ 50. Rxf2 Nxf2 51. Rh6+ Ke7 52. Bf3
Nd3 53. Bxd5 Rf2+ 54. Kg3 Rxa2 55. Re6+ Kd7 56. Bc4 Rc2 57. Bxd3 Rc3 58. Rb6
Rxd3+ 59. Kg4 Rd2 60. h3 Rf2 61. Kg3 Rf8 62. h5 e4 63. Rb4 Re8 64. Kf2 Kd6 65.
Ke3 Rh8 66. Rd4+ Kc5 67. b4+ Kb5 68. Kxe4 Rxh5 69. Rd5+ 1-0

[Event "Madrid 2022-2023 ch - Previa A"]
[Site "Madrid ESP"]
[Date "2023.02.14"]
[Round "5.11"]
[White "Marcos Herrero, Francisco"]
[Black "Sotoca Aguado, Jose"]
[Result "1-0"]
[WhiteElo "1855"]
[BlackElo "1790"]
[PlyCount "113"]
[EventDate "2023.02.06"]
[EventType "swiss"]
[EventRounds "9"]
[EventCountry "ESP"]
[SourceTitle "Ajedrez en Madrid"]
[Source "lmi"]
[SourceDate "2023.02.06"]
[SourceVersion "1"]
[SourceVersionDate "2023.03.03"]
[SourceQuality "1"]

1. Nf3 d5 2. d4 Nf6 3. g3 e6 4. Bg2 c5 5. O-O Nc6 6. c4 dxc4 7. Na3 cxd4 8.
Nxc4 Bc5 9. Nfe5 Nxe5 10. Nxe5 O-O 11. Bg5 h6 12. Bf4 Nd5 13. Bd2 Rb8 14. Rc1
Bb6 15. Qc2 Bd7 16. Qb3 Be8 17. Bxd5 exd5 18. Bb4 f6 19. Bxf8 fxe5 20. Qa3 Rc8
21. Be7 Qd7 22. Rxc8 Qxc8 23. Qd6 Qc7 24. Qxd5+ Bf7 25. Qd6 a6 26. Re1 e4 27.
Qxc7 Bxc7 28. Bc5 Be5 29. b3 Bg6 30. Kf1 Kf7 31. Rd1 d3 32. exd3 exd3 33. Bb4
Ke6 34. Ke1 Kd5 35. Rc1 Bf5 36. Bc3 Bd6 37. Bxg7 h5 38. Rc4 Bc5 39. Bc3 Be4 40.
Bd2 b5 41. Rc1 Bf5 42. b4 Bd6 43. a3 Be5 44. Bc3 Bd6 45. Kd2 Bb8 46. f4 Bd6 47.
Bb2 Be4 48. Rc8 h4 49. Be5 Be7 50. Rc7 hxg3 51. hxg3 Ke6 52. Ra7 Bd8 53. Rxa6+
Kf5 54. Rd6 Be7 55. Rd7 Ke6 56. Rxd3 Bxd3 57. Kxd3 1-0

[Event "Madrid 2022-2023 ch - Previa A"]
[Site "Madrid ESP"]
[Date "2023.02.14"]
[Round "5.12"]
[White "Jimenez Gonzalez, Marcos"]
[Black "Sanchez Rodriguez, Jaime"]
[Result "0-1"]
[WhiteElo "1748"]
[BlackElo "1839"]
[PlyCount "112"]
[EventDate "2023.02.06"]
[EventType "swiss"]
[EventRounds "9"]
[EventCountry "ESP"]
[SourceTitle "Ajedrez en Madrid"]
[Source "lmi"]
[SourceDate "2023.02.06"]
[SourceVersion "1"]
[SourceVersionDate "2023.03.03"]
[SourceQuality "1"]

1. c4 f5 2. g3 e6 3. Bg2 d5 4. Nf3 c6 5. O-O Bd6 6. d3 Nf6 7. Nc3 O-O 8. e4 Be7
9. Qc2 Na6 10. exf5 exf5 11. cxd5 Nb4 12. Qb3 Nbxd5 13. d4 Qb6 14. Qxb6 Nxb6
15. Bf4 Nfd5 16. Nxd5 Nxd5 17. Be5 Be6 18. a3 Rad8 19. Rfe1 Kf7 20. Re2 g5 21.
Rae1 Rfe8 22. Bb8 Rxb8 23. Rxe6 Bf6 24. Rxe8 Rxe8 25. Rxe8 Kxe8 26. Kf1 Ke7 27.
Ke2 g4 28. Nh4 Bxh4 29. gxh4 Nf4+ 30. Kf1 h5 31. Bh1 Ng6 32. Ke2 Nxh4 33. Ke3
Ng6 34. f3 Kd6 35. fxg4 hxg4 36. Bg2 a5 37. Bf1 Kd5 38. b3 b5 39. Bg2+ Kd6 40.
Bh1 c5 41. dxc5+ Kxc5 42. Bb7 f4+ 43. Ke4 f3 44. Ke3 Ne7 45. h4 Nf5+ 46. Kf2
Nxh4 47. Bc8 b4 48. a4 Kd4 49. Bxg4 Kc3 50. Be6 Ng6 51. Kxf3 Ne5+ 52. Ke2 Nd3
53. Kd1 Nc5 54. Bf7 Nxb3 55. Be8 Nd4 56. Kc1 b3 0-1

[Event "Madrid 2022-2023 ch - Previa A"]
[Site "Madrid ESP"]
[Date "2023.02.14"]
[Round "5.13"]
[White "Fernandez Garcia, Ignacio"]
[Black "Galarreta Santana, Javier"]
[Result "1-0"]
[WhiteElo "1824"]
[BlackElo "1739"]
[PlyCount "147"]
[EventDate "2023.02.06"]
[EventType "swiss"]
[EventRounds "9"]
[EventCountry "ESP"]
[SourceTitle "Ajedrez en Madrid"]
[Source "lmi"]
[SourceDate "2023.02.06"]
[SourceVersion "1"]
[SourceVersionDate "2023.03.03"]
[SourceQuality "1"]

1. e4 e5 2. Bc4 Nc6 3. Nf3 Bc5 4. c3 d6 5. b4 Bb6 6. Qb3 Qf6 7. d3 h6 8. Nbd2
Nge7 9. a4 a5 10. b5 Nd8 11. Bb2 g5 12. O-O g4 13. Ne1 Ne6 14. Bxe6 Bxe6 15.
Qd1 Ng6 16. Nc4 Bxc4 17. dxc4 h5 18. Bc1 Nf4 19. Be3 Qe6 20. Bxf4 exf4 21. Qd5
O-O-O 22. Nd3 Qf6 23. Qf5+ Qxf5 24. exf5 f3 25. Rfe1 Rhe8 26. Nf4 Re5 27. Rxe5
dxe5 28. Nd5 Bc5 29. Re1 c6 30. Nf6 Rd2 31. Rf1 Ra2 32. Ne4 Bf8 33. gxf3 gxf3
34. Ng5 f6 35. Nxf3 Rxa4 36. bxc6 bxc6 37. Nd2 Be7 38. Kg2 Kc7 39. Kf3 Kb6 40.
Ke3 Ra2 41. Kd3 Rb2 42. Ra1 Bc5 43. f3 Be7 44. h3 c5 45. Rb1 Rxb1 46. Nxb1 Bf8
47. Kc2 Bh6 48. Kb3 Bc1 49. Kc2 Bf4 50. Na3 a4 51. Nb5 Ka5 52. Nd6 a3 53. Kb3
Bg5 54. Kxa3 Kb6 55. Kb3 Bh4 56. Ne4 Kc6 57. Kc2 Kb6 58. Kd3 Kc6 59. Nd2 Bf2
60. Nf1 Kd6 61. Ke2 Bh4 62. Ne3 Kc6 63. Ng2 Bg5 64. h4 Bh6 65. Kd3 Kd6 66. Ne1
Bc1 67. Ke2 Bh6 68. Nd3 Kc6 69. Nf2 Bf8 70. Ne4 Bg7 71. Ng3 Kd6 72. Nxh5 Bh8
73. Ng3 Kc6 74. Ne4 1-0

[Event "Madrid 2022-2023 ch - Previa A"]
[Site "Madrid ESP"]
[Date "2023.02.14"]
[Round "5.14"]
[White "Lopez de Turiso, Jose Angel"]
[Black "Lopez Heras, Arturo"]
[Result "1/2-1/2"]
[WhiteElo "1926"]
[BlackElo "1701"]
[PlyCount "76"]
[EventDate "2023.02.06"]
[EventType "swiss"]
[EventRounds "9"]
[EventCountry "ESP"]
[SourceTitle "Ajedrez en Madrid"]
[Source "lmi"]
[SourceDate "2023.02.06"]
[SourceVersion "1"]
[SourceVersionDate "2023.03.03"]
[SourceQuality "1"]

1. d4 Nf6 2. c4 c5 3. Nf3 g6 4. Nc3 Bg7 5. g3 O-O 6. Bg2 d6 7. dxc5 dxc5 8.
Qxd8 Rxd8 9. Be3 Na6 10. O-O Ng4 11. Bf4 e5 12. Bg5 f6 13. Bc1 Nb4 14. a3 Nc2
15. Ra2 Nd4 16. b4 Be6 17. Nd2 Rab8 18. e3 Nf5 19. bxc5 Rdc8 20. Nce4 Ne7 21.
Rb2 f5 22. Ng5 Bd7 23. Bxb7 Rd8 24. Bd5+ Nxd5 25. cxd5 Rxb2 26. Bxb2 Bb5 27.
Rc1 Rxd5 28. Ndf3 Bc6 29. e4 Rd3 30. h3 fxe4 31. hxg4 exf3 32. Re1 Rb3 33. Bxe5
Bxe5 34. Rxe5 Rb1+ 35. Kh2 Rb2 36. Ne4 Bxe4 37. Rxe4 Rxf2+ 38. Kg1 Rc2 1/2-1/2

[Event "Madrid 2022-2023 ch - Previa A"]
[Site "Madrid ESP"]
[Date "2023.02.14"]
[Round "5.15"]
[White "Martin Martin, Luis Vicente"]
[Black "Balsera Gomez, Antonio"]
[Result "1-0"]
[WhiteElo "1900"]
[BlackElo "1663"]
[PlyCount "120"]
[EventDate "2023.02.06"]
[EventType "swiss"]
[EventRounds "9"]
[EventCountry "ESP"]
[SourceTitle "Ajedrez en Madrid"]
[Source "lmi"]
[SourceDate "2023.02.06"]
[SourceVersion "1"]
[SourceVersionDate "2023.03.03"]
[SourceQuality "1"]

1. d4 Nf6 2. Bf4 e6 3. e3 d5 4. Nf3 Bd6 5. Bg3 O-O 6. Bd3 c5 7. c3 Qc7 8. Ne5
Nbd7 9. f4 cxd4 10. exd4 Ne4 11. Nd2 Nxd2 12. Qxd2 f6 13. Nxd7 Bxd7 14. O-O a6
15. Qe2 b5 16. a3 f5 17. Rf3 Rab8 18. Raf1 Be7 19. Be1 Bf6 20. Rh3 g6 21. Bh4
Qd8 22. Bxf6 Qxf6 23. Re3 Rfc8 24. g3 a5 25. Re5 Rb6 26. Ra1 Rcb8 27. h3 Kf7
28. g4 h6 29. Kh2 Rg8 30. Rg1 fxg4 31. Qxg4 g5 32. fxg5 Rxg5 33. Rxg5 Qxg5 34.
Qxg5 hxg5 35. Rxg5 b4 36. axb4 axb4 37. c4 dxc4 38. Bxc4 Rd6 39. Rg4 Kf6 40.
Rf4+ Kg5 41. Kg3 Bc6 42. h4+ Kg6 43. Kg4 Bd7 44. h5+ Kg7 45. Kg5 Bb5 46. Bb3
Bd3 47. h6+ Kh8 48. Kf6 e5+ 49. Kxe5 Rxh6 50. Rf2 Ra6 51. Be6 Kg7 52. d5 Ra5
53. Rf7+ Kg6 54. Rf3 Bc4 55. b3 Bb5 56. Rg3+ Kh6 57. Kf6 Be2 58. Rh3+ Bh5 59.
Bg4 Rxd5 60. Rxh5+ Rxh5 1-0

[Event "Madrid 2022-2023 ch - Previa A"]
[Site "Madrid ESP"]
[Date "2023.02.14"]
[Round "5.16"]
[White "Blazquez Sanz, Oscar"]
[Black "Villodre Miranda, Juan Alonso"]
[Result "1/2-1/2"]
[WhiteElo "1886"]
[BlackElo "1503"]
[PlyCount "120"]
[EventDate "2023.02.06"]
[EventType "swiss"]
[EventRounds "9"]
[EventCountry "ESP"]
[SourceTitle "Ajedrez en Madrid"]
[Source "lmi"]
[SourceDate "2023.02.06"]
[SourceVersion "1"]
[SourceVersionDate "2023.03.03"]
[SourceQuality "1"]

1. e4 e5 2. Nf3 Nc6 3. Bc4 g6 4. c3 h6 5. d3 Bg7 6. Bb3 Nge7 7. Nbd2 O-O 8. Nf1
Kh7 9. h3 d5 10. Qe2 Na5 11. Bc2 dxe4 12. Qxe4 f5 13. Qe2 Nac6 14. Ne3 b5 15.
Bd2 Bb7 16. O-O-O a5 17. g4 b4 18. gxf5 Nxf5 19. Rhg1 bxc3 20. Bxc3 Ncd4 21.
Bxd4 Nxd4 22. Nxd4 exd4 23. Qg4 Qf6 24. Ng2 Bf3 25. Qg3 Bxd1 26. Rxd1 Qxf2 27.
Qg4 Qf6 28. Rg1 Qg5+ 29. Qxg5 hxg5 30. Ne1 Rf2 31. Bd1 Raf8 32. Rg3 Be5 33. Rf3
R2xf3 34. Nxf3 Bf4+ 35. Kc2 Be3 36. Kb3 Rb8+ 37. Ka4 Rxb2 38. Bb3 Rf2 39. Bd5
c6 40. Bxc6 Rxa2+ 41. Kb3 Ra1 42. Kb2 Rh1 43. Nxg5+ Bxg5 44. Bxh1 Bd2 45. Kb3
g5 46. Be4+ Kh6 47. Bf5 Kh5 48. Kc4 Bc3 49. Kb3 Kh4 50. Be6 Kg3 51. Bf5 Kf3 52.
Bg4+ Ke3 53. Bf5 Kd2 54. Be4 Ke3 55. Bf5 Kf4 56. Be4 g4 57. hxg4 Kxg4 58. Ka4
Kf4 59. Kb3 Ke5 60. Ka4 Kd6 1/2-1/2

[Event "Madrid 2022-2023 ch - Previa A"]
[Site "Madrid ESP"]
[Date "2023.02.14"]
[Round "5.17"]
[White "Cujba, Anca-Claudia"]
[Black "Pashov, Spas Nikolov"]
[Result "0-1"]
[WhiteElo "1669"]
[BlackElo "1806"]
[PlyCount "70"]
[EventDate "2023.02.06"]
[EventType "swiss"]
[EventRounds "9"]
[EventCountry "ESP"]
[SourceTitle "Ajedrez en Madrid"]
[Source "lmi"]
[SourceDate "2023.02.06"]
[SourceVersion "1"]
[SourceVersionDate "2023.03.03"]
[SourceQuality "1"]

1. d4 Nf6 2. c4 g6 3. Nc3 d5 4. cxd5 Nxd5 5. Bd2 Bg7 6. e4 Nb6 7. Be3 O-O 8. a4
a5 9. Qd2 Be6 10. d5 Bd7 11. Bh6 e6 12. Be2 exd5 13. exd5 Na6 14. Nf3 Re8 15.
Bxg7 Kxg7 16. O-O Qf6 17. Bb5 Nc5 18. Qd4 Qxd4 19. Nxd4 Rad8 20. Bxd7 Rxd7 21.
Ndb5 c6 22. dxc6 bxc6 23. Na3 Ncxa4 24. Nxa4 Nxa4 25. Nc4 Nc5 26. Rxa5 Nb3 27.
Re5 Red8 28. Rfe1 Rd5 29. R5e3 Nd4 30. Na3 c5 31. g3 Rb8 32. Re5 Nf3+ 33. Kf1
Rxe5 34. Rxe5 Nxe5 35. Ke2 Rxb2+ 0-1

[Event "Madrid 2022-2023 ch - Previa A"]
[Site "Madrid ESP"]
[Date "2023.02.14"]
[Round "5.18"]
[White "De Vicente Guijarro, Juan"]
[Black "Casal Martin, Jose Manuel"]
[Result "1-0"]
[WhiteElo "1803"]
[BlackElo "1430"]
[PlyCount "49"]
[EventDate "2023.02.06"]
[EventType "swiss"]
[EventRounds "9"]
[EventCountry "ESP"]
[SourceTitle "Ajedrez en Madrid"]
[Source "lmi"]
[SourceDate "2023.02.06"]
[SourceVersion "1"]
[SourceVersionDate "2023.03.03"]
[SourceQuality "1"]

1. e4 e5 2. Nf3 Nc6 3. Nc3 Nf6 4. d4 exd4 5. Nxd4 Nxd4 6. Qxd4 c5 7. Qd3 h6 8.
Be2 Be7 9. Qg3 Bf8 10. Bf4 g5 11. Be3 Qb6 12. O-O-O d5 13. Bb5+ Bd7 14. Bxd7+
Kxd7 15. Nxd5 Nxd5 16. Rxd5+ Kc6 17. Qe5 Rg8 18. Rhd1 Kb5 19. a4+ Kxa4 20. R1d3
Qc6 21. Qc3 Kb5 22. Qb3+ Ka5 23. Bd2+ Ka6 24. Qa3+ Kb6 25. Qa5# 1-0

[Event "Madrid 2022-2023 ch - Previa A"]
[Site "Madrid ESP"]
[Date "2023.02.14"]
[Round "5.19"]
[White "Sanchez Arriola, Ignacio"]
[Black "Marin Lopez, Juan Jose"]
[Result "0-1"]
[WhiteElo "1580"]
[BlackElo "1780"]
[PlyCount "72"]
[EventDate "2023.02.06"]
[EventType "swiss"]
[EventRounds "9"]
[EventCountry "ESP"]
[SourceTitle "Ajedrez en Madrid"]
[Source "lmi"]
[SourceDate "2023.02.06"]
[SourceVersion "1"]
[SourceVersionDate "2023.03.03"]
[SourceQuality "1"]

1. c4 f5 2. g3 d6 3. Bg2 Nf6 4. Nc3 e5 5. d3 Nc6 6. e3 g6 7. Nge2 Bg7 8. O-O
O-O 9. Rb1 Be6 10. a3 Bf7 11. Bd2 Qc8 12. b3 Ne7 13. Qc1 c6 14. f4 exf4 15.
Nxf4 g5 16. Nfe2 h6 17. e4 fxe4 18. Nxe4 Nxe4 19. Bxe4 d5 20. Bg2 Qe6 21. Qe1
Bg6 22. Nc1 Bd4+ 23. Kh1 Rxf1+ 24. Bxf1 Qf7 25. Bg2 Re8 26. Bc3 Nf5 27. Qd2 Be3
28. Qb2 d4 29. Bd2 Bxd2 30. Qxd2 Ne3 31. Ne2 Qf2 32. Rg1 Ng4 33. Re1 Re3 34. h3
Rxd3 35. Qc1 Ne3 36. Bf1 Be4+ 0-1

[Event "Madrid 2022-2023 ch - Previa A"]
[Site "Madrid ESP"]
[Date "2023.02.14"]
[Round "5.22"]
[White "Gomez Ramirez, Jorge"]
[Black "Guardiola Sevilla, Antonio"]
[Result "1/2-1/2"]
[WhiteElo "1298"]
[BlackElo "1716"]
[PlyCount "89"]
[EventDate "2023.02.06"]
[EventType "swiss"]
[EventRounds "9"]
[EventCountry "ESP"]
[SourceTitle "Ajedrez en Madrid"]
[Source "lmi"]
[SourceDate "2023.02.06"]
[SourceVersion "1"]
[SourceVersionDate "2023.03.03"]
[SourceQuality "1"]

1. d4 e6 2. c4 Nf6 3. Nc3 d5 4. cxd5 exd5 5. Bg5 Be7 6. e3 O-O 7. Qc2 h6 8. Bh4
Re8 9. Bd3 b6 10. Nf3 c5 11. O-O c4 12. Be2 Bb7 13. b3 cxb3 14. axb3 Ne4 15.
Bxe7 Qxe7 16. Nxe4 dxe4 17. Nd2 Rc8 18. Qb1 Bd5 19. Rc1 Nc6 20. Bc4 Nb4 21.
Bxd5 Rxc1+ 22. Qxc1 Nxd5 23. Qc4 Rd8 24. Qa6 Rd7 25. Qc8+ Rd8 26. Qf5 Nc3 27.
Qg4 Qd7 28. Qh5 f5 29. Nc4 Rf8 30. Rc1 Nd5 31. Ne5 Qe8 32. Qe2 Rf6 33. Qa6 Qe7
34. Ra1 f4 35. Qc4 Qe6 36. Ng4 Rf7 37. Ne5 Rf6 38. exf4 Nxf4 39. Qxe6+ Nxe6 40.
d5 Nc5 41. Rxa7 Rd6 42. h3 Rxd5 43. b4 Nd3 44. Nc4 Nxb4 45. Nxb6 1/2-1/2

[Event "Madrid 2022-2023 ch - Previa A"]
[Site "Madrid ESP"]
[Date "2023.02.14"]
[Round "5.24"]
[White "San Segundo Ortiz, Fernando"]
[Black "Melero Fernandez, Jose M"]
[Result "0-1"]
[WhiteElo "1735"]
[BlackElo "1334"]
[PlyCount "104"]
[EventDate "2023.02.06"]
[EventType "swiss"]
[EventRounds "9"]
[EventCountry "ESP"]
[SourceTitle "Ajedrez en Madrid"]
[Source "lmi"]
[SourceDate "2023.02.06"]
[SourceVersion "1"]
[SourceVersionDate "2023.03.03"]
[SourceQuality "1"]

1. d4 Nf6 2. Nf3 g6 3. Nc3 d5 4. Bg5 c6 5. e3 b5 6. a3 Be6 7. h3 Nbd7 8. Ne5
Qb6 9. Nxd7 Bxd7 10. Bd3 Bg7 11. O-O O-O 12. Re1 a5 13. Ne2 Rfe8 14. c3 e5 15.
dxe5 Rxe5 16. Bf4 Re6 17. Nd4 Ree8 18. Nf3 c5 19. Ne5 Be6 20. Bc2 Rad8 21. Qe2
c4 22. Nf3 Ne4 23. Bxe4 dxe4 24. Nd4 Bd5 25. Qg4 h5 26. Qg3 Rd7 27. Red1 Bb7
28. Rd2 b4 29. axb4 axb4 30. Rad1 bxc3 31. bxc3 Ra8 32. Be5 Bf8 33. h4 Ra3 34.
Ne2 Rxd2 35. Rxd2 Ra1+ 36. Kh2 Qb1 37. Qf4 Qh1+ 38. Kg3 Ra6 39. Bf6 Ra8 40. Rd7
Bc6 41. Rc7 Bd5 42. Bd4 Bg7 43. Bxg7 Kxg7 44. Qe5+ Kg8 45. Qxd5 Rf8 46. Nf4 Qa1
47. Qxc4 Qd1 48. Qe2 Qd6 49. Rc4 Qe5 50. Qd2 Qf5 51. f3 g5 52. Qd5 gxf4+ 0-1

[Event "Madrid 2022-2023 ch - Previa A"]
[Site "Madrid ESP"]
[Date "2023.02.14"]
[Round "5.25"]
[White "Barahona Torrijos, Angel"]
[Black "Moreno Sabroso, Ruben"]
[Result "0-1"]
[WhiteElo "1761"]
[BlackElo "1455"]
[PlyCount "98"]
[EventDate "2023.02.06"]
[EventType "swiss"]
[EventRounds "9"]
[EventCountry "ESP"]
[SourceTitle "Ajedrez en Madrid"]
[Source "lmi"]
[SourceDate "2023.02.06"]
[SourceVersion "1"]
[SourceVersionDate "2023.03.03"]
[SourceQuality "1"]

1. e4 c5 2. a3 g6 3. c3 d5 4. exd5 Qxd5 5. d4 cxd4 6. cxd4 Nc6 7. Nf3 Bg4 8.
Be2 Bg7 9. Nc3 Qd8 10. d5 Bxf3 11. Bxf3 Ne5 12. Be2 a6 13. f4 Nd7 14. Be3 Ngf6
15. O-O Nb6 16. Bf3 O-O 17. d6 Nc4 18. Bd4 Nxd6 19. Qb3 Qd7 20. Na4 Nb5 21. Bf2
Rab8 22. Nb6 Qe6 23. Qxe6 fxe6 24. Rfe1 Kf7 25. Rad1 Nd6 26. Bd4 Rfd8 27. Be5
Nfe8 28. b3 Bf6 29. g4 g5 30. f5 Bxe5 31. Rxe5 exf5 32. gxf5 Kf6 33. Rc5 Ng7
34. Nd5+ Kf7 35. Bg4 Ngxf5 36. Rf1 e6 37. Rc7+ Kg6 38. Ne7+ Nxe7 39. Rxe7 Re8
40. Rxe6+ Rxe6 41. Bxe6 Re8 42. Bc4 Nxc4 43. bxc4 Re7 44. Rb1 Rc7 45. Rb4 Kf5
46. Kf2 Ke5 47. Ke3 h5 48. Kd3 g4 49. Rb6 Rd7+ 0-1

[Event "Madrid 2022-2023 ch - Previa A"]
[Site "Madrid ESP"]
[Date "2023.02.14"]
[Round "5.26"]
[White "Soofi Alizadeh, Arash"]
[Black "Martinez Miura, Enrique"]
[Result "0-1"]
[WhiteElo "1161"]
[BlackElo "1494"]
[PlyCount "92"]
[EventDate "2023.02.06"]
[EventType "swiss"]
[EventRounds "9"]
[EventCountry "ESP"]
[SourceTitle "Ajedrez en Madrid"]
[Source "lmi"]
[SourceDate "2023.02.06"]
[SourceVersion "1"]
[SourceVersionDate "2023.03.03"]
[SourceQuality "1"]

1. c4 c6 2. Nc3 d5 3. cxd5 cxd5 4. d3 Nf6 5. g3 e6 6. Bg2 Nc6 7. Nf3 Be7 8. O-O
O-O 9. a3 a6 10. b3 h6 11. e3 e5 12. Ne2 Be6 13. Bb2 Qd6 14. h3 Rfd8 15. Ne1
Rac8 16. Kh2 b5 17. b4 Nd7 18. f4 exf4 19. Nxf4 Bf6 20. Bxf6 Nxf6 21. Nxe6 Qxe6
22. Qe2 d4 23. e4 Ne5 24. Nf3 Nxf3+ 25. Bxf3 Rc3 26. Rfc1 Qc8 27. Qf1 Qc7 28.
Re1 Rc2+ 29. Re2 Rc8 30. Ra2 Rxa2 31. Rxa2 Qc3 32. e5 Nd7 33. Bg4 Rc7 34. e6
Nf6 35. exf7+ Kxf7 36. Qf5 Qb3 37. Re2 Kg8 38. Qe5 Nxg4+ 39. hxg4 Rc2 40. Kh3
Qxd3 41. Qe8+ Kh7 42. Qe4+ Qxe4 43. Rxe4 d3 44. Rd4 Rd2 45. Rd6 Kg8 46. Kh4
Rh2# 0-1

[Event "Madrid 2022-2023 ch - Previa A"]
[Site "Madrid ESP"]
[Date "2023.02.14"]
[Round "5.29"]
[White "Carrera Cabaneros, Francisco"]
[Black "Lopez Del Moral Lopez de, Rafael"]
[Result "0-1"]
[WhiteElo "1757"]
[BlackElo "1480"]
[PlyCount "134"]
[EventDate "2023.02.06"]
[EventType "swiss"]
[EventRounds "9"]
[EventCountry "ESP"]
[SourceTitle "Ajedrez en Madrid"]
[Source "lmi"]
[SourceDate "2023.02.06"]
[SourceVersion "1"]
[SourceVersionDate "2023.03.03"]
[SourceQuality "1"]

1. d4 d5 2. c4 e6 3. Nc3 Nf6 4. Bg5 Be7 5. e3 O-O 6. Nf3 c5 7. dxc5 Bxc5 8.
cxd5 exd5 9. Bxf6 Qxf6 10. Qxd5 Bb4 11. Rc1 Rd8 12. Qb3 Nc6 13. Bb5 Be6 14. Qa4
Rac8 15. Bxc6 Bxc3+ 16. Rxc3 bxc6 17. Nd4 Bd5 18. O-O Qg6 19. f3 c5 20. Ne2
Bxf3 21. Rxf3 Rd2 22. Qc4 Rf8 23. Kf2 Rfd8 24. Rb3 Rc2 25. Rc3 Rxb2 26. Qxc5 h6
27. Qf5 Qxf5 28. Rxf5 Rdd2 29. Rc8+ Kh7 30. Rxf7 Rxe2+ 31. Kf1 Red2 32. Ke1
Rxg2 33. Kf1 Rxh2 34. Kg1 Rhd2 35. Rc1 Rxa2 36. Re1 a5 37. Ra7 a4 38. e4 a3 39.
e5 Rg2+ 40. Kh1 Rh2+ 41. Kg1 Rag2+ 42. Kf1 a2 43. Ra1 Rh1+ 44. Kxg2 Rxa1 45. e6
Re1 46. Rxa2 Rxe6 47. Rf2 Rf6 48. Ra2 h5 49. Kh1 g5 50. Rg2 Kh6 51. Kh2 Rf4 52.
Ra2 h4 53. Ra6+ Kh5 54. Ra5 Kg4 55. Ra2 h3 56. Ra1 Rf2+ 57. Kg1 Kg3 58. Ra3+
Rf3 59. Ra2 Rc3 60. Rg2+ Kh4 61. Rd2 Rg3+ 62. Kh1 g4 63. Rf2 Re3 64. Ra2 Kg3
65. Ra1 Kf2 66. Ra2+ Re2 67. Ra1 Re1+ 0-1

[Event "Madrid 2022-2023 ch - Previa A"]
[Site "Madrid ESP"]
[Date "2023.02.14"]
[Round "5.30"]
[White "Fernandez Rios, Jose Francisco"]
[Black "Lopez Manso, Jeronimo"]
[Result "1-0"]
[WhiteElo "1680"]
[BlackElo "1422"]
[PlyCount "63"]
[EventDate "2023.02.06"]
[EventType "swiss"]
[EventRounds "9"]
[EventCountry "ESP"]
[SourceTitle "Ajedrez en Madrid"]
[Source "lmi"]
[SourceDate "2023.02.06"]
[SourceVersion "1"]
[SourceVersionDate "2023.03.03"]
[SourceQuality "1"]

1. d4 b6 2. c4 e5 3. dxe5 c5 4. Nf3 Nc6 5. b3 Be7 6. Bb2 g5 7. e6 f6 8. exd7+
Bxd7 9. g3 Qc7 10. Bg2 O-O-O 11. Qc1 h5 12. Nxg5 Nh6 13. Nf3 Nf5 14. O-O h4 15.
Nc3 Be6 16. Nb5 Qb8 17. Nxh4 Ncd4 18. Nxd4 Nxd4 19. Bxd4 Rxd4 20. Ng6 Rh7 21.
Nxe7+ Rxe7 22. Rd1 Red7 23. Qc2 Qe5 24. Rxd4 Rxd4 25. Rd1 Bf5 26. e4 Bxe4 27.
Bxe4 Rxe4 28. Rd5 Qa1+ 29. Kg2 Re8 30. Qf5+ Kb7 31. Qd7+ Ka6 32. Qb5+ 1-0

[Event "Madrid 2022-2023 ch - Previa A"]
[Site "Madrid ESP"]
[Date "2023.02.14"]
[Round "5.31"]
[White "Camarero Izquierdo, Juan Carlos"]
[Black "De la Villa Ramos, Maria"]
[Result "1-0"]
[WhiteElo "1651"]
[BlackElo "1421"]
[PlyCount "53"]
[EventDate "2023.02.06"]
[EventType "swiss"]
[EventRounds "9"]
[EventCountry "ESP"]
[SourceTitle "Ajedrez en Madrid"]
[Source "lmi"]
[SourceDate "2023.02.06"]
[SourceVersion "1"]
[SourceVersionDate "2023.03.03"]
[SourceQuality "1"]

1. e4 c5 2. Nf3 Nc6 3. d4 e6 4. d5 exd5 5. exd5 Nce7 6. d6 Nf5 7. Qe2+ Nge7 8.
dxe7 Bxe7 9. Bg5 O-O 10. Bxe7 Nxe7 11. Nc3 Re8 12. O-O-O Nd5 13. Qc4 Nxc3 14.
Qxc3 d6 15. Kb1 a6 16. Bc4 Bg4 17. Rde1 Rxe1+ 18. Rxe1 b5 19. Bd5 Ra7 20. h4 h6
21. Qe3 Bf5 22. Qf4 Qf6 23. Re8+ Kh7 24. Be4 Bxe4 25. Qxe4+ g6 26. g4 d5 27.
Qxd5 1-0

[Event "Madrid 2022-2023 ch - Previa A"]
[Site "Madrid ESP"]
[Date "2023.02.14"]
[Round "5.32"]
[White "Menendez Domens, Juan Manuel"]
[Black "Palacios Sanchez, Victor"]
[Result "0-1"]
[WhiteElo "1440"]
[BlackElo "1646"]
[PlyCount "84"]
[EventDate "2023.02.06"]
[EventType "swiss"]
[EventRounds "9"]
[EventCountry "ESP"]
[SourceTitle "Ajedrez en Madrid"]
[Source "lmi"]
[SourceDate "2023.02.06"]
[SourceVersion "1"]
[SourceVersionDate "2023.03.03"]
[SourceQuality "1"]

1. d4 Nf6 2. Nf3 c5 3. e3 g6 4. c3 b6 5. Bd3 Bb7 6. Nbd2 d5 7. O-O Bg7 8. Re1
O-O 9. Qe2 Ne4 10. Bc2 Nd7 11. c4 e6 12. b3 Nxd2 13. Bxd2 cxd4 14. exd4 dxc4
15. bxc4 Bxf3 16. Qxf3 Bxd4 17. Rad1 Qf6 18. Be4 Qxf3 19. Bxf3 Rad8 20. Bh6 Bg7
21. Bg5 Nf6 22. Bc6 Rc8 23. Bb5 Rfd8 24. Ba6 Rxd1 25. Rxd1 Rf8 26. f3 h6 27.
Bh4 g5 28. Bg3 Nh5 29. Bc7 e5 30. g3 Bf6 31. Bb5 Rc8 32. Rd7 Ng7 33. Rd6 Ne6
34. Bd7 Rxc7 35. Bxe6 fxe6 36. Rxe6 Kf7 37. Rd6 Ke7 38. Rd3 Rxc4 39. Ra3 a5 40.
Rb3 e4 41. fxe4 Rxe4 42. Rxb6 Bd4+ 0-1